Quizzes
Events
Quiz Creation
Community
Videos
Private Events
Remove Ads
Sign In
Join for FREE
Feedback
Dark Mode
Quiz Categories
Sports
Geography
Music
Movies
Television
Just For Fun
Miscellaneous
History
Literature
Language
Science
Gaming
Entertainment
Religion
Holiday
For Kids
Quiz Lab
Recent
Popular Today
Quiz Kudos Today
Editor Picks
Curator Picks
Quizzes by...
Day
Popularity
Type
Ratings
Length
Year
Community
Subscriptions
Recent Discussions
Orange Saloon
Badges
Playlists
Quests
Create
Leaderboards
Showdown
Live 5
Trivia Bingo
Activity
Puzzle Library
Sporcle Events
Private Events
Virtual Trivia
Globe League
Become a Host
Pub Owners
SporcleCon
Opinionation
Our Games
Videos
Blog
Mobile Apps
Partnerships
Remove Ads and Go Orange
Feedback
History
US Presidents
World Leaders
Politics
Nation
Discovery
War
Decade
Year
Century
Biography
Art
History
US Presidents
World Leaders
Politics
Nation
Discovery
War
Decade
Year
Century
Biography
Art
Random Quiz
Search Sporcle
×
Quiz Lab
Quiz Lab
History
Singers
Type in answers that appear in a list
Type in answers that appear in a list
Classic
Best Score? Go Orange.
Can you name who died? Stats
Can you name the who died??
By
laminalammina
20m
112 Questions
142 Plays
142 Plays
142 Plays
Comments
Comments
Give Quiz Kudos
Give Quiz Kudos
-
- Ratings
hide this ad
Forced Order
Answers have to be entered in order
Answers have to be entered in order
Replay
Link that replays current quiz
Next Quiz
Link to next quiz in quiz playlist
You Got
0%
They Got
Avg Score
29%
Avg Friend Score
Upgrade to see
Score Distribution
Jump to the score distribution portion of the page
Score
0/112
Timer
20:00
0
Plays Today
They died - hint
who?
% Correct
March 1945 -
Jewish diary writer
Annelies Marie 'Anne' Frank
71.8%
November 22. 1963 -
US president
John F. Kennedy
71.8%
January 22. 1901 -
British monarch
Queen Victoria
70.4%
August 31. 1997 -
Princess of Wales
Princess Diana of Wales
70.4%
September 26. 1902 -
the inventor of jeans
Levi Strauss
69%
December 15. 1966 -
American animated film producer
Walt Disney
68.3%
August 16. 1977 -
American singer and actor
Elvis Presley
64.1%
August 5. 1962 -
American actress
Marilyn Monroe
63.4%
June 28. 1914 -
Archduke of Austria
Franz Ferdinand
62.7%
December 8. 1980 -
British singer, songwriter, and guitarist
John Lennon
62.7%
May 2. 2011 -
Saudi-
born terrorist
Osama bin Laden
62%
January 25. 1947 -
American gangster
Al Capone
61.3%
August 16. 1948 -
American baseball player
Babe Ruth
61.3%
August 13. 1910 -
English nurse
Florence Nightingale
60.6%
February 6. 1952 -
King of the United Kingdom
King George VI
59.2%
July 17. 1918 -
The Tsar of Russia
Nicholas II
57.7%
January 25. 1965 -
Prime Minister of the United Kingdom and recipient of the Nobel Prize in Literature
Winston Churchill
57.7%
Aprl 22. 1994 -
US President
Richard Nixon
57%
April 19. 1906 -
French physicist and nobel laureate
Pierre Curie
56.3%
May 30. 1912 -
American aviation pioneer
Wilbur Wright
56.3%
September 23. 1939 -
Austrian psychiatrist
Sigmund Freud
56.3%
March 5. 1953 -
Soviet leader
Joseph Stalin
56.3%
October 31. 1984 -
Prime Minister of India
Indira Gandhi
54.9%
September 9. 1976 -
Chinese communist revolutionary leader
Mao Zedong
54.2%
April 2. 2005 -
Polish Roman Catholic Pope
Pope John Paul II
54.2%
February 3. 1959 -
American rock singer
Buddy Holly
52.1%
January 20. 1936 -
King of the United Kingdom
King George V
51.4%
April 18. 1955 -
German-
born physicist and Nobel Prize laureate
Albert Einstein
50.7%
January 7. 1989 -
Emperor of Japan
Hirohito
50.7%
April 8. 1973 -
Spanish painter and sculptor
Pablo Picasso
49.3%
January 26. 1919 -
US president
Theodore Roosevelt
48.6%
January 21. 1924 -
first Premier of the Soviet Union
Vladimir Lenin
48.6%
December 30. 2006 -
5th President of Iraq
Saddam Hussein
48.6%
November 20. 1975 -
Spanish dictator
Francisco Franco
46.5%
June 25. 2009 -
American performer and recording artist
Michael Jackson
46.5%
September 30. 1985 -
American seismologist and physicist, creator of the Richter magnitude scale
Charles Francis Richter
45.8%
April 23. 2007 -
first President of the Russian Federation
Boris Yeltsin
45.8%
May 28. 1972 -
King of the United Kingdom
King Edward VIII
44.4%
They died - hint
who?
% Correct
November 30. 1900 -
Irish author
Oscar Wilde
41.5%
October 18. 1931 -
American inventor
Thomas Edison
40.8%
November 9. 1940 -
Prime Minister of the United Kingdom
Neville Chamberlain
40.8%
November 11. 2004 -
Palestinian leader and recipient of the Nobel Peace Prize
Yasser Arafat
40.8%
April 15. 1998 -
Cambodian Khmer Rouge leader
Pol Pot
40.1%
June 24. 1908 -
US president
Grover Cleveland
38.7%
January 5. 1933 -
US president
Calvin Coolidge
37.3%
August 2. 1922 -
Scottish-
born inventor
Alexander Graham Bell
36.6%
September 2. 1969 -
President of Vietnam
Ho Chi Minh
35.2%
January 11. 2008 -
New Zealand mountaineer, explorer, and philanthropist
Edmund Hillary
34.5%
August 14. 1988 -
Italian car maker
Enzo Ferrari
33.1%
November 29. 2001 -
English musician
George Harrison
32.4%
November 10. 1938 -
founder of Turkey
Mustafa Kemal Atatürk
31.7%
August 6. 1978 -
pope
Pope Paul VI
31.7%
February 7. 1999 -
King of Jordan
King Hussein
30.3%
December 17. 1909 -
Belgian king
Leopold II
28.9%
November 10. 1982 -
Leader of the Soviet Union
Leonid Brezhnev
28.9%
April 10. 1904 -
Spanish queen
Isabella II
24.6%
June 18. 1928 -
First person to reach both the North and South Poles
Roald Amundsen
22.5%
September 4. 1907 -
Norwegian composer
Edvard Grieg
21.1%
September 3. 1970 -
American football coach
Vince Lombardi
21.1%
October 15. 1946 -
Nazi Reichsmarshall
Hermann Göring
19.7%
July 23. 1951 -
Leader of Vichy France
Philippe Pétain
19.7%
August 17. 1987 -
Nazi Deputy Führer
Rudolf Hess
19.7%
September 1. 1981 -
German Nazi architect and war minister
Albert Speer
19%
November 25. 1974 -
Burmese diplomat and Secretary-
General of the United Nations
U Thant
18.3%
October 8. 1992 -
Chancellor of Germany, recipient of the Nobel Peace Prize
Willy Brandt
18.3%
September 12. 2003 -
American singer and guitarist
Johnny Cash
18.3%
October 5. 1927 -
Hollywood studio executive
Sam Warner
17.6%
February 28. 1986 -
Prime Minister of Sweden
Olof Palme
16.2%
May 25. 1995 -
Prime Minister of the United Kingdom
Harold Wilson
16.2%
September 30. 1913 -
German engine inventor
Rudolf Diesel
14.1%
November 21. 1916 -
Emperor of Austria
Franz Joseph I
14.1%
February 22. 1943 -
German White Rose resistance members
Hans and Sophie Scholl
14.1%
November 23. 1990 -
Brtish writer
Roald Dahl
14.1%
January 17. 1991 -
King of Norway
King Olav V
14.1%
July 21. 1944 -
German officer and resistance fighter
Claus von Stauffenberg
13.4%
February 7. 1979 -
German Nazi war criminal
Josef Mengele
12.7%
They died - hint
who?
% Correct
March 18. 1983 -
the last King of Italy
King Umberto II
12.7%
October 30. 1923 -
Prime Minister of the United Kingdom
Andrew Bonar Law
12%
April 6. 1971 -
Russian composer
Igor Stravinsky
12%
July 20. 1903 -
Italian pope
Leo XIII
11.3%
October 18. 1921 -
last king of Bavaria
Ludwig III
9.9%
September 18. 1961 -
Swedish Secretary General of the United Nations and recipient of the Nobel Peace Prize
Dag Hammarskjöld
9.2%
July 3. 1935 -
French automobile pioneer
André Citroën
8.5%
February 28. 1941 -
The King of Spain
King Alfonso XIII
7.7%
September 21. 1957 -
King of Norway
King Haakon VII
7.7%
December 4. 1993 -
American guitarist and composer
Frank Zappa
7.7%
June 15. 1996 -
American singer
Ella Fitzgerald
7%
July 7. 1930 -
British author
Arthur Conan Doyle
6.3%
December 30. 1968 -
First United Nations Secretary General
Trygve Lie
6.3%
October 27. 2010 -
54th President of Argentina
Néstor Kirchner
6.3%
November 6. 1960 -
German World War II naval leader
Erich Raeder
5.6%
July 2. 1915 -
President of Mexico
Porfirio Díaz
4.9%
August 12. 1964 -
British writer
Ian Fleming
4.9%
July 8. 1967 -
Pakistani 'Mother of the Nation'
Fatima Jinnah
4.9%
October 29. 1911 -
Hungarian publisher and journalist
Joseph Pulitzer
4.2%
June 14. 1920 -
German political economist
Max Weber
4.2%
February 28. 1925 -
President of Germany
Friedrich ****
4.2%
March 15. 1937 -
American writer
H. P. Lovecraft
4.2%
August 24. 1954 -
President of Brazil
Getúlio Vargas
4.2%
March 6. 1905 -
American confederate politician
John Henninger Reagan
2.8%
May 16. 1926 -
last Ottoman Sultan
Mehmed VI
2.8%
June 30. 1934 -
German politician, early Nazi leader
Gregor Strasser
2.8%
February 12. 1949 -
Founder of the Muslim Brotherhood
Imam Hassan al Banna
2.8%
August 14. 1956 -
Nazi German foreign minister
Konstantin von Neurath
2.8%
August 27. 1958 -
American physicist and Nobel Prize laureate
Ernest Lawrence
2.8%
December 10. 1917 -
Prime Minister of Canada
Mackenzie Bowell
2.1%
December 10. 1929 -
American publisher and poet
Harry Crosby
2.1%
March 6. 1950 -
The president of France
Albert Lebrun
2.1%
February 16. 1932 -
French recipient of the Nobel Peace Prize
Ferdinand Buisson
1.4%
May 27. 1942 -
General Secretary of the Communist Party of China
Chen Duxiu
1.4%
April 6. 2000 -
1st President of Tunisia
Habib Bourguiba
1.4%
July 14. 2002 -
41st, 45th and 49th President of the Dominican Republic
Joaquín Balaguer
1.4%
Quiz Playlist
Details
Report
Send in Message
Add To Playlist
Classic:
Type in answers that appear in a list
Forced Order:
Answers have to be entered in order
Last Updated: Feb 16, 2017
Quiz Scoreboard
CHALLENGE
Sign Up to Join the Scoreboard
Show All
Scores
Hide
Comments
May contain spoilers
Recently Published
College Basketball Coaching Resumes
by pancakes188
Sports
9m
Billboard Blitz: Fleetwood Mac
by CooCooCachoo
Music
15s
Presidents Visiting Landmarks
by Hejman
History
7m
More to Explore
Quiz From the Vault
Featured Blog Post
Where Did the Easter Bunny Come From?
hide this ad
You Might Also Like...
Tags
Artist Quiz
Singers Quiz
US Presidents Quiz
British Monarch
Dead Celebrities
death
Musician
Today's Top Quizzes in History
Browse History
hide this ad
Today's Top Quizzes in Singers
Browse Singers
Top Contributed Quizzes in History
1
Popular People in 1991
2
Popular People in 1981
3
Popular People in 1951
4
Popular People in 1941
5
Popular People in 1986
6
Popular People in 1976
7
Popular People in 1921
8
5-to-1: 20th Century Images of War
9
I Am Born On March 28th
10
Popular People in 1946
Explore More
Trending Topics
Harry Potter
Crossword
Marvel
Kpop
Disney
NBA
Anime
WWE
Song
NFL
Pokémon
Soccer
Country
Puzzle
The Office
hide this ad
More By:
laminalammina
Quiz
Plays
Rating
Category
Featured
Created
Countries Accused of Genocide
2,722
2.24
History
Mar 21, 2011
Find the Country
606
4.14
Geography
May 12, 2011
Manchester United vs Liverpool goalscorers
383
5.00
Sports
Feb 11, 2012
find the country II
290
4.15
Geography
May 14, 2011
name the best english speaking countries
246
3.75
Geography
Apr 4, 2011
Go to Creator's Profile
Score Distribution
Quiz Creator Spotlight
laminalammina
Follow
Send a Message
Quizzes Created
-
Created Quiz Play Count
-
More By This Creator
Popular Quizzes Today
1
Find the US States - No Outlines Minefield
2
Find the Countries of Europe - No Outlines Minefield
3
The Countries of the World
4
Find the US States
5
Risky Map Clicking: Biggest States A-Z
6
US States
7
Popular People in 1961
8
Movies - When Are They Set?
More History Quizzes
Hitler, Stalin, Castro, or Mao?
Published
Trending Quizzes
Risky Map Clicking: Least Populous States A-Z
1-10 Letter G Words
1-10 Letter F Words
Risky Map Clicking: Next State Alphabetically
Risky Map Clicking: Biggest States A-Z
Recently Updated
Leaping Animals
pecheneg
Reality TV Shows (A-Z)
bhenderson79
Rickey Henderson's Hall of Fame Teammates
pecheneg
Champions League XIs: Arsenal
pecheneg
Quick Pick: Celebrities in WWE's Hall of Fame
aduchscher
A-Z Keypad Blitz II
pecheneg
Multiple Oscar Actors
pecheneg
Mystery Phrase Blitz: Oscar 'Best Actors'
pecheneg
F. Scott Fitzgerald Novels
LTH
Pick 3 Villains
ddd62291
Trending Topics
Kpop
Marvel
NBA
Disney
Anime
Crossword
Harry Potter
The Office
NFL
Song
Puzzle
Soccer
Country
WWE
Pokémon
Your Account Isn't Verified!
In order to create a playlist on Sporcle, you need to verify the email address you used during registration. Go to your
Sporcle Settings
to finish the process.
Report this User
Report this user for behavior that violates our
Community Guidelines
.
Details:
Send Report
Go to the Sporcle.com Mobile Site →
Comments